00249 a2200121 4500001000700000020000600007040001100013100002700024240003000051245002500081362000900106440001200115174939 a  cMagnum aChiavenato, Julio Jose10aA guerra do paraguailpor10aA guerra do paraguai0 a1899 1aÁtica